00490nam a22001337a 4500003000500000038001800005082000800023100002000031245014400051264003300195650003800228700003300266856005700299NUST aNusrat Nadeem a200 aZaheer, Shireen aEvaluating the Impact of Air Pollution on Income Inequality in Asia: The Role of Government through Public Health Policy/cShireen Zaheer,  aIslamabad:bS3H NUST.c2025. aMS- Government and Public Policy  aSupervisor: Dr. Uzair Hashmi uhttp://10.250.8.41:8080/xmlui/handle/123456789/57307